Podnikání více partnerů. Jak ocenit podíl společníků na hospodářských výsledcích firmy.

Rokovanie o spolupráci pri hľadaní možnosti založenia obchodnej spoločnosti alebo konzorcia. Spisovanie zmluvy o spoločnom podnikaní. Obsah zmluvy. Výpočet podielu zo zisku, výpočet rentability tržieb. Vkladanie kapitálu, výnos z vkladu. Podiel vlastnej práce na činnosti firmy.

Na minha lista:
Detalhes bibliográficos
Autor principal: Mlčoch, J.
Formato: Capítulo de Livro
Idioma:tcheco
Assuntos:
Tags: Adicionar Tag
Sem tags, seja o primeiro a adicionar uma tag!

MARC

LEADER 00000naa a2200000 4500
001 r013201
005 20221213081136.3
041 0 |a cze 
044 |a CZ 
245 1 0 |a Podnikání více partnerů.  |b Jak ocenit podíl společníků na hospodářských výsledcích firmy.  |c J. Mlčoch 
520 |a Rokovanie o spolupráci pri hľadaní možnosti založenia obchodnej spoločnosti alebo konzorcia. Spisovanie zmluvy o spoločnom podnikaní. Obsah zmluvy. Výpočet podielu zo zisku, výpočet rentability tržieb. Vkladanie kapitálu, výnos z vkladu. Podiel vlastnej práce na činnosti firmy. 
610 2 0 |a spoločnosti obchodné 
610 2 0 |a konzorciá 
610 2 0 |a zmluvy hospodárske 
610 2 0 |a rozdeľovanie zisku 
610 2 0 |a podiely na výsledkoch hospodárskych 
610 2 0 |a kapitál 
610 2 0 |a vklady 
610 2 0 |a výnosy 
100 1 |a Mlčoch, J.